000 00301nam a2200145Ia 4500
100 _aSchmitt/ Friedhelm
942 _cBK
654 _aSCSI
245 _aSCSI Bus and IDE Interface
260 _bAddison Wesly
_c1995
082 _a4.62
_bSCH
300 _a301
546 _aENGLISH
999 _c35183
_d35183